=LDR 00000nam 2200000 4500 =001 INLIS000000000012318 =005 20130612103842 =008 ***********************************Ind** =035 ##$$0010-061300000012318 =041 ##$$a Ind =082 ##$$a 658.409 2 =090 ##$$a 658.409 2, Par k =100 ##$$a Parikh, Jagdish =245 ##$$a Kiat menjadi manajer tanpa stress, Jagdish Parikh ; alih bahasa Adiwinta D =260 ##$$a 1995 $b Jakarta =300 ##$$a xxx, 171 hlm., Ilus, 21 cm =650 ##$$a Manajemen kepemimpinan =700 ##$$a Adiwinta D =850 ##$$a NBPNMAT